00537nam a2200229Ia 450000500170000000800460001702000180006303700100008104000080009104000080009904000080010704100080011504100080012308400080013110000210013924500310016026000220019126000220021326000090023565000150024485600480025920260121124430.0008 260114s9999 xx 000 0 eng d a9783111243832 aEBOOK aCRL beng cCRL 2eng aeng qCRL aPolansky, Ronald 0aAristotles Parva naturalia bWalter de Gruyter bWalter de Gruyter c2024 aPhilosophy uhttp://www.degruyter.com/isbn/9783111243832